000 00407nam a22001217a 4500
008 230623b xxu||||| |||| 00| 0 eng d
020 _a9966949364
082 _a330.
_bNya 2002
245 _aImpact of Institutional and Regulatory Frameworks on the Food Crops Subsector in Kenya: 1990-1999
260 _aKenya
_bKenya Institute for Public Policy Research and Analysis
_c1992
300 _a41p
942 _2ddc
_cBK
999 _c2440
_d2440